|
|
|
|
| LEADER |
00000nas a2200000 a 4500 |
| 001 |
ssj0001095 |
| 003 |
WaSeSS |
| 005 |
20200512172242.0 |
| 006 |
m d |
| 007 |
cr n |
| 008 |
050614c19859999inubr pss gw 0 a0eng c |
| 010 |
|
|
|a 2007228671
|
| 022 |
|
|
|a 2377-6463
|y 8756-8160
|
| 030 |
|
|
|a ILAME3
|
| 035 |
|
|
|a (WaSeSS)ssj0001095
|
| 040 |
|
|
|a OCLCS
|b eng
|c OCLCS
|d DOS
|d PFM
|d CUD
|d OCLCE
|d OCLCQ
|d OCL
|d OCLCQ
|d DLC
|d OCLCQ
|d OCLCF
|d OCLCQ
|d Z5A
|d OCLCO
|d OCLCA
|d BUF
|d UUM
|d AU@
|d WYU
|d DCHUA
|d U3W
|d VT2
|d WaSeSS
|
| 042 |
|
|
|a pcc
|a nsdp
|
| 043 |
|
|
|a n-us---
|
| 050 |
|
4 |
|a KF480.A15
|b I87
|
| 060 |
|
4 |
|a W1
|b IS668T
|
| 082 |
0 |
0 |
|a 342.73/087
|a 347.30287
|2 19
|
| 130 |
0 |
|
|a Issues in law & medicine (Online)
|
| 210 |
0 |
|
|a Issues law med.
|b (Online)
|
| 222 |
|
0 |
|a Issues in law & medicine
|b (Online)
|
| 245 |
1 |
0 |
|a Issues in law & medicine
|h [electronic resource].
|
| 246 |
1 |
3 |
|a Issues in law and medicine
|
| 246 |
1 |
3 |
|a Issues L. & Med
|
| 260 |
|
|
|a [Terre Haute, Ind.] :
|b National Legal Center for the Medically Dependent & Disabled, and the Horatio R. Storer Foundation
|
| 310 |
|
|
|a Quarterly,
|b summer 1987-
|
| 321 |
|
|
|a Bimonthly,
|b 1985-Mar. 1987?
|
| 362 |
1 |
|
|a Began with vol. 1, no. 1 (July 1985).
|
| 506 |
|
|
|a License restrictions may limit access.
|
| 515 |
|
|
|a Publication suspended in 2013; resumed in 2014.
|
| 550 |
|
|
|a A publication of: the National Legal Center for the Medically Dependent and Disabled, Inc., and: the Horatio R. Storer Foundation, Inc.
|
| 588 |
|
|
|a Description based on first issue; title from table of contents page (Hein Online, viewed Sept. 25, 2007).
|
| 588 |
|
|
|a Latest issue consulted: Vol. 29, issue 1 (spring 2014) (heinonline.org, viewed Mar. 2, 2015).
|
| 650 |
|
0 |
|a People with disabilities
|x Legal status, laws, etc.
|z United States
|v Periodicals.
|
| 650 |
|
0 |
|a Developmentally disabled
|x Legal status, laws, etc.
|z United States
|v Periodicals.
|
| 650 |
|
0 |
|a Medical laws and legislation
|z United States
|v Periodicals.
|
| 650 |
|
0 |
|a People with disabilities
|x Medical care
|z United States
|v Periodicals.
|
| 650 |
|
6 |
|a Personnes atteintes de troubles du développement
|x Droit
|z États-Unis
|v Périodiques.
|
| 650 |
|
6 |
|a Handicapés
|x Droit
|z États-Unis
|v Périodiques.
|
| 650 |
|
6 |
|a Médecine
|x Droit
|z États-Unis
|v Périodiques.
|
| 650 |
|
6 |
|a Handicapés
|x Soins médicaux
|x Droit
|z États-Unis
|v Périodiques.
|
| 650 |
|
7 |
|a Developmentally disabled
|x Legal status, laws, etc.
|2 fast
|0 (OCoLC)fst00891874
|
| 650 |
|
7 |
|a Medical laws and legislation.
|2 fast
|0 (OCoLC)fst01014309
|
| 650 |
|
7 |
|a People with disabilities
|x Legal status, laws, etc.
|2 fast
|0 (OCoLC)fst01057298
|
| 650 |
|
7 |
|a People with disabilities
|x Medical care.
|2 fast
|0 (OCoLC)fst01057304
|
| 650 |
|
7 |
|a Droit médical.
|2 rasuqam
|
| 650 |
|
7 |
|a Éthique médicale.
|2 rasuqam
|
| 650 |
1 |
7 |
|a Handicapé
|2 rasuqam
|
| 650 |
1 |
7 |
|a Handicapé mental.
|2 rasuqam
|
| 650 |
|
7 |
|a Soins médicaux.
|2 rasuqam
|
| 650 |
|
2 |
|a Civil Rights
|v Periodicals.
|
| 650 |
|
2 |
|a Disabled
|v Periodicals.
|
| 650 |
|
2 |
|a Jurisprudence
|z United States
|v Periodicals.
|
| 650 |
|
2 |
|a Legislation, Medical
|z United States
|v Periodicals.
|
| 650 |
|
2 |
|a Patient Advocacy
|v Periodicals.
|
| 651 |
|
7 |
|a United States.
|2 fast
|0 (OCoLC)fst01204155
|
| 651 |
|
7 |
|a États-Unis.
|2 rasuqam
|
| 655 |
|
0 |
|a Electronic journals.
|
| 710 |
2 |
|
|a National Legal Center for the Medically Dependent & Disabled (U.S.)
|
| 710 |
2 |
|
|a Horatio R. Storer Foundation.
|
| 776 |
0 |
8 |
|i Print version:
|t Issues in law & medicine
|x 8756-8160
|w (DLC) 85643927
|w (OCoLC)11695493
|
| 856 |
4 |
0 |
|z Full text available from Research Library: 07/01/1999 to 12/31/2012
|u https://search.proquest.com/publication/29990
|
| 856 |
4 |
0 |
|z Full text available from Research Library: 01/01/2014 to present
|u https://search.proquest.com/publication/29990
|